Normal view MARC view
  • Kneeland S

Entry Personal Name

Number of records used in: 1

001 - CONTROL NUMBER

  • control field: 115932

003 - CONTROL NUMBER IDENTIFIER

  • control field: OSt

005 - DATE AND TIME OF LATEST TRANSACTION

  • control field: 20230125045111.0

008 - FIXED-LENGTH DATA ELEMENTS

  • fixed length control field: 230125|| aca||aabn | a|a d

040 ## - CATALOGING SOURCE

  • Original cataloging agency: OSt
  • Transcribing agency: OSt

100 ## - HEADING--PERSONAL NAME

  • Personal name: Kneeland S

670 ## - SOURCE DATA FOUND

  • Source citation: Work cat.: (OSt)93676: Kneeland S, Hiring People, 2000